[Event "111th YMCA Autumn A"]
[Site "Warszawa"]
[Date "2012.09.25"]
[Round "1"]
[White "Safanowski, Tomasz"]
[Black "Grabowicz, Marcin"]
[Result "1/2-1/2"]
[WhiteElo "1912"]
[BlackElo "1895"]
[Annotator "Admin"]
[PlyCount "28"]
[EventDate "2012.09.20"]
[EventType "tourn"]
[EventRounds "1"]
[EventCountry "POL"]
[SourceDate "2012.09.20"]

1. Nf3 Nf6 2. d4 g6 3. e3 Bg7 4. Bd3 d6 5. b3 O-O 6. O-O Nc6 7. Ba3 e5 8. dxe5
Ng4 9. Nbd2 Ngxe5 10. Rc1 Nxf3+ 11. Qxf3 a5 12. c4 Ne5 13. Qe2 Qh4 14. Nf3
Nxf3+ $11 1/2-1/2

[Event "111th YMCA Autumn A"]
[Site "Warszawa"]
[Date "2012.09.20"]
[Round "1"]
[White "Sujkowski, Pawel"]
[Black "Szwaj, Jacek"]
[Result "1/2-1/2"]
[WhiteElo "1992"]
[BlackElo "1925"]
[Annotator "Admin"]
[PlyCount "109"]
[EventDate "2012.09.20"]
[EventType "tourn"]
[EventRounds "1"]
[EventCountry "POL"]
[SourceDate "2012.09.20"]

1. e4 c5 2. Nf3 d6 3. d4 cxd4 4. Nxd4 Nf6 5. Nc3 a6 6. Be2 e5 7. Nb3 Be7 8. Bg5
Be6 9. Bxf6 Bxf6 10. Qd3 Qc7 11. O-O-O Be7 12. Nd5 Bxd5 13. Qxd5 Qc6 14. Na5
Qxd5 15. Rxd5 Ra7 16. Nc4 Nc6 17. Nxd6+ Bxd6 18. Rxd6 Ke7 19. Rd2 Rd8 20. Rxd8
Kxd8 21. Rd1+ Ke7 22. c3 b5 23. Rd3 Rd7 24. Rxd7+ Kxd7 25. a4 Na7 26. Kd2 Kc6
27. h4 f6 28. Ke3 Nc8 29. axb5+ axb5 30. Bd1 Kc5 31. Kd3 b4 $11 32. Bb3 Nd6 33.
Be6 Nb5 34. Bd5 Nc7 35. Bc4 Ne8 36. Bg8 h6 37. Ke3 Nd6 38. Be6 Nb5 39. Kd3 bxc3
40. bxc3 Nd6 41. Bd5 Nb5 42. Kc2 Nc7 43. Bf7 Nb5 44. Kb3 Nd6 45. Bd5 Nb5 46.
Kc2 Na3+ 47. Kd2 Nb5 48. Kd3 Nd6 49. c4 Nc8 50. g3 Nd6 51. f4 Kb4 52. Be6 Kc5
53. Bg8 Kb4 54. Bd5 Kc5 55. Bg8 $11 1/2-1/2

[Event "111th YMCA Autumn A"]
[Site "Warszawa"]
[Date "2012.09.20"]
[Round "1"]
[White "Rytarowski, Kamil"]
[Black "Szefer, Michal"]
[Result "0-1"]
[WhiteElo "1993"]
[BlackElo "1981"]
[PlyCount "68"]
[EventDate "2012.09.20"]
[EventType "tourn"]
[EventRounds "1"]
[EventCountry "POL"]
[SourceDate "2012.09.20"]

1. d4 g6 2. c4 Bg7 3. Nf3 f5 4. Nc3 Nf6 5. g3 O-O 6. Bg2 d6 7. O-O Nc6 8. d5
Na5 9. Qd3 e5 10. dxe6 Bxe6 11. Nd5 Ne4 12. Nd4 Nc5 13. Nxe6 Nxe6 14. Rb1 Nc6
15. e3 Ne5 16. Qc2 Re8 17. b4 c6 18. Nf4 Qc7 19. Rd1 Ng5 20. Bb2 Rad8 21. a4
Qf7 22. Rdc1 Ngf3+ 23. Kh1 g5 24. Nd3 Qh5 25. h3 Rf8 26. Nxe5 dxe5 27. Rd1 g4
28. h4 Bf6 29. Bxf3 gxf3 30. Kg1 Qg4 31. Kh2 Bxh4 32. Rh1 f4 33. Bxe5 Bxg3+ 34.
Kg1 Bh4+ 0-1

[Event "111th YMCA Autumn A"]
[Site "Warszawa"]
[Date "2012.09.25"]
[Round "1"]
[White "Rozowski, Marcin"]
[Black "Chomczyk, Marek"]
[Result "0-1"]
[WhiteElo "1926"]
[BlackElo "1876"]
[PlyCount "64"]
[EventDate "2012.09.20"]
[EventType "tourn"]
[EventRounds "1"]
[EventCountry "POL"]
[SourceDate "2012.09.20"]

1. e4 e5 2. Nf3 Nc6 3. Bb5 a6 4. Ba4 d6 5. c3 Nf6 6. O-O Be7 7. Re1 O-O 8. h3
h6 9. d4 b5 10. Bc2 Bb7 11. Nbd2 Re8 12. d5 Nb8 13. a4 c6 14. dxc6 Nxc6 15.
axb5 axb5 16. Rxa8 Qxa8 17. Nf1 Bf8 18. Qe2 b4 19. c4 b3 20. Bxb3 Nxe4 21. Ne3
Nc5 22. Bc2 Nd4 23. Nxd4 exd4 24. b4 dxe3 25. bxc5 exf2+ 26. Qxf2 Rxe1+ 27.
Qxe1 dxc5 28. Qd2 Be4 29. Qe2 Bxc2 30. Qxc2 Be7 31. Be3 Qa1+ 32. Kh2 Qe5+ 0-1

[Event "111th YMCA Autumn A"]
[Site "Warszawa"]
[Date "2012.09.21"]
[Round "1"]
[White "Sielicki, Tomasz"]
[Black "Rusin, Ryszard"]
[Result "0-1"]
[WhiteElo "2011"]
[BlackElo "1914"]
[PlyCount "112"]
[EventDate "2012.09.20"]
[EventType "tourn"]
[EventRounds "1"]
[EventCountry "POL"]
[SourceDate "2012.09.20"]

1. d4 d5 2. Bg5 c6 3. Nf3 Qb6 4. Qc1 h6 5. Bf4 g5 6. Be5 f6 7. Bg3 Bg7 8. e3
Bf5 9. c4 e6 10. Nc3 Ne7 11. Be2 Nd7 12. c5 Qd8 13. b4 b6 14. O-O e5 15. Qd1
O-O 16. Nd2 bxc5 17. bxc5 Bh7 18. Nb3 Nf5 19. Bd3 Nxg3 20. Bxh7+ Kxh7 21. fxg3
f5 22. Qc2 e4 23. Rf2 Qf6 24. Raf1 Qe6 25. Na5 Rab8 26. Qa4 Rbc8 27. Ne2 Rc7
28. Rb1 Nf6 29. h3 Nh5 30. Rb7 Rff7 31. Rxc7 Rxc7 32. Qb3 Qc8 33. Qc2 Kg6 34.
Rf1 Rf7 35. Qa4 Rc7 36. Qb4 Qa6 37. Qd2 Rf7 38. Rb1 f4 39. gxf4 gxf4 40. exf4
Kh7 41. Nb3 Qd3 42. Rf1 a5 43. Qe1 a4 44. Nbc1 Bxd4+ 45. Kh2 Qe3 46. Nxd4 Qxd4
47. Qa5 e3 48. Ne2 Qb2 49. Qe1 d4 50. Qb1+ Qxb1 51. Rxb1 d3 52. Nd4 Nxf4 53.
Nxc6 d2 54. g3 e2 55. Ne5 Rc7 56. gxf4 d1=Q 0-1

[Event "111th YMCA Autumn A"]
[Site "Warszawa"]
[Date "2012.09.20"]
[Round "1"]
[White "Bernacki, Gabriel"]
[Black "Harazinska, Ewa"]
[Result "0-1"]
[WhiteElo "1920"]
[BlackElo "2009"]
[PlyCount "110"]
[EventDate "2012.09.20"]
[EventType "tourn"]
[EventRounds "1"]
[EventCountry "POL"]
[SourceDate "2012.09.20"]

1. d4 Nf6 2. c4 e6 3. Nc3 Bb4 4. e3 O-O 5. Bd3 d5 6. Nf3 c5 7. O-O cxd4 8. exd4
dxc4 9. Bxc4 b6 10. Bg5 Bb7 11. Rc1 h6 12. Bh4 Bxc3 13. Rxc3 Nbd7 14. Qe2 Qe8
15. Bb5 Nd5 16. Ne5 Nxc3 17. bxc3 Bc8 18. Qe4 Rb8 19. Nc6 Bb7 20. d5 Bxc6 21.
Bxc6 f5 22. Qa4 Nc5 23. Bxe8 Nxa4 24. Bxa4 g5 25. dxe6 b5 26. Bb3 Rfe8 27. Bg3
f4 28. Bxf4 gxf4 29. Rd1 Re7 30. Rd4 Rf8 31. f3 Kg7 32. Kf2 Kg6 33. g3 fxg3+
34. hxg3 Rc8 35. c4 b4 36. c5 a5 37. g4 Rxc5 38. Rd8 Kg7 39. Ke3 Rcc7 40. f4
Ra7 41. Ke4 a4 42. Bd5 b3 43. Ke5 b2 44. Be4 Reb7 45. Bb1 Ra5+ 46. Kd4 a3 47.
Rc8 Ra4+ 48. Ke5 Rb5+ 49. Kd6 Ra6+ 50. Rc6 Rxc6+ 51. Kxc6 Rb4 52. g5 hxg5 53.
e7 Kf7 54. Kd6 Rd4+ 55. Kc5 Rxf4 0-1

[Event "111th YMCA Autumn A"]
[Site "Warszawa"]
[Date "2012.09.20"]
[Round "1"]
[White "Pastuszko, Kinga"]
[Black "Rozycki, Bartlomiej"]
[Result "0-1"]
[WhiteElo "1895"]
[BlackElo "1943"]
[PlyCount "70"]
[EventDate "2012.09.20"]
[EventType "tourn"]
[EventRounds "1"]
[EventCountry "POL"]
[SourceDate "2012.09.20"]

1. e4 Nf6 2. e5 Nd5 3. c4 Nb6 4. d4 d6 5. exd6 exd6 6. Bd3 Be7 7. Nf3 Bg4 8.
Nbd2 Nc6 9. h3 Bh5 10. g4 Bg6 11. Bxg6 hxg6 12. b3 d5 13. Bb2 Nd7 14. a3 Nf6
15. Ne5 dxc4 16. Nxc6 Qd5 17. Qf3 Qxc6 18. Qxc6+ bxc6 19. Nxc4 Nxg4 20. Ke2 Nf6
21. Rac1 c5 22. dxc5 Bxc5 23. Ne3 Bd6 24. Bxf6 gxf6 25. Nd5 O-O-O 26. Nxf6 Bxa3
27. Rc4 Bb2 28. Ng4 Rh5 29. Ra4 Rd4 30. Ra2 Bc3 31. Rc1 Rxh3 32. Ne3 Bb4 33.
Rxa7 Rd2+ 34. Ke1 Rh1+ 35. Nf1 Ra2+ 0-1

[Event "111th YMCA Autumn A"]
[Site "Warszawa"]
[Date "2012.09.27"]
[Round "2"]
[White "Grabowicz, Marcin"]
[Black "Rozycki, Bartlomiej"]
[Result "0-1"]
[WhiteElo "1895"]
[BlackElo "1943"]
[PlyCount "62"]
[EventDate "2012.09.20"]
[EventType "tourn"]
[EventRounds "1"]
[EventCountry "POL"]
[SourceDate "2012.09.20"]

1. e4 Nf6 2. e5 Nd5 3. Nc3 Nxc3 4. bxc3 d5 5. d4 e6 6. f4 c5 7. Nf3 Qc7 8. Bd3
b6 9. O-O Ba6 10. Bxa6 Nxa6 11. Qe2 c4 12. f5 exf5 13. Ng5 h6 14. e6 hxg5 15.
exf7+ Kd7 16. Bf4 gxf4 17. Rae1 Bd6 18. Qe6+ Kc6 19. Re5 Kb7 20. Rxd5 Rad8 21.
Rxf5 Qc6 22. Re1 Nc7 23. Qg6 Qd7 24. Rg5 Rdf8 25. Qe4+ Kb8 26. Rxg7 Rxf7 27.
Rxf7 Qxf7 28. Qc6 f3 29. gxf3 Bxh2+ 30. Kf1 Qh5 31. Re7 Bf4 0-1

[Event "111th YMCA Autumn A"]
[Site "Warszawa"]
[Date "2012.10.03"]
[Round "2"]
[White "Harazinska, Ewa"]
[Black "Pastuszko, Kinga"]
[Result "0-1"]
[WhiteElo "2009"]
[BlackElo "1895"]
[PlyCount "58"]
[EventDate "2012.09.20"]
[EventType "tourn"]
[EventRounds "1"]
[EventCountry "POL"]
[SourceDate "2012.09.20"]

1. d4 f5 2. c4 Nf6 3. Nf3 g6 4. g3 Bg7 5. Bg2 O-O 6. O-O d6 7. Nc3 e6 8. b4 Ne4
9. Bb2 Qe7 10. Nxe4 fxe4 11. Nd2 d5 12. Qb3 c6 13. f3 exf3 14. Bxf3 Kh8 15. e4
dxc4 16. Nxc4 b5 17. Nd2 e5 18. dxe5 Nd7 19. e6 Ne5 20. Bxe5 Bxe5 21. Rac1 Bxe6
22. Qb1 Qd6 23. Rfd1 Qd4+ 24. Kg2 Qe3 25. Qc2 Rad8 26. Rb1 Rxd2+ 27. Qxd2 Qxf3+
28. Kg1 Bh3 29. Rbc1 Kg8 0-1

[Event "111th YMCA Autumn A"]
[Site "Warszawa"]
[Date "2012.09.27"]
[Round "2"]
[White "Rusin, Ryszard"]
[Black "Bernacki, Gabriel"]
[Result "1-0"]
[WhiteElo "1914"]
[BlackElo "1920"]
[PlyCount "55"]
[EventDate "2012.09.20"]
[EventType "tourn"]
[EventRounds "1"]
[EventCountry "POL"]
[SourceDate "2012.09.20"]

1. d4 d5 2. c4 c6 3. Nc3 Nf6 4. Bg5 e6 5. e3 Nbd7 6. cxd5 exd5 7. Bd3 Be7 8. h3
O-O 9. Nf3 Re8 10. O-O Ne4 11. Bf4 f5 12. Rc1 g5 13. Bh2 Nf8 14. a4 Ng6 15.
Nxd5 cxd5 16. Bc7 Qd7 17. Bb5 Qe6 18. Bxe8 Bf6 19. Bxg6 hxg6 20. Ne5 Kh7 21.
Nd3 b6 22. b4 Bd7 23. Be5 Be7 24. Rc7 Nd6 25. Qf3 Bxa4 26. Ra1 Bb5 27. Rxe7+
Qxe7 28. Qxd5 1-0

[Event "111th YMCA Autumn A"]
[Site "Warszawa"]
[Date "2012.10.19"]
[Round "2"]
[White "Chomczyk, Marek"]
[Black "Sielicki, Tomasz"]
[Result "1/2-1/2"]
[WhiteElo "1876"]
[BlackElo "2011"]
[PlyCount "157"]
[EventDate "2012.09.20"]
[EventType "tourn"]
[EventRounds "1"]
[EventCountry "POL"]
[SourceDate "2012.09.20"]

1. e4 e5 2. Nf3 f5 3. Nxe5 Qf6 4. d4 d6 5. Nc4 fxe4 6. Be2 Nc6 7. Be3 d5 8.
Nca3 Bf5 9. O-O Bd6 10. Nb5 Nge7 11. Nxd6+ Qxd6 12. Nc3 h6 13. Nb5 Qd7 14. Bf4
Rc8 15. Bh5+ g6 16. Be2 a6 17. Nc3 g5 18. Be3 Ng6 19. f3 O-O 20. fxe4 Bxe4 21.
Nxe4 dxe4 22. Rxf8+ Rxf8 23. Bg4 Qe7 24. c3 Kh7 25. Qb3 Na5 26. Qd5 b6 27. Bf5
Rd8 28. Qxe4 Qxe4 29. Bxe4 Re8 30. Bxg6+ Kxg6 31. Kf2 Nc4 32. Bc1 b5 33. a4
Rf8+ 34. Ke2 Re8+ 35. Kd3 Rf8 36. axb5 axb5 37. b3 Nd6 38. Be3 Re8 39. Ra6 Kf5
40. Rc6 Re7 41. h3 Ke6 42. c4 Kd7 43. d5 Nf7 44. Bd4 bxc4+ 45. bxc4 Re1 46. Rf6
Ke7 47. Rf2 Rd1+ 48. Rd2 Rc1 49. c5 Kd7 50. Rf2 Ke7 51. Re2+ Kd7 52. Re6 Rd1+
53. Kc3 Rf1 54. c6+ Kc8 55. Re8+ Nd8 56. Kc2 Rf4 57. Kd3 Rf1 58. Rh8 Rd1+ 59.
Kc3 Rc1+ 60. Kd2 Rf1 61. Rxh6 Rf5 62. d6 Nxc6 63. Rh8+ Kd7 64. dxc7 Kxc7 65.
Be3 Ne5 66. Rg8 Nf7 67. Rg7 Kd6 68. g4 Rd5+ 69. Ke2 Ke6 70. Rg6+ Ke7 71. Kf2
Re5 72. Ra6 Re6 73. Ra7+ Kf6 74. Ra5 Kg6 75. Ra8 Rf6+ 76. Kg3 Rd6 77. Rg8+ Kf6
78. Kf3 Rd8 79. Rxd8 1/2-1/2

[Event "111th YMCA Autumn A"]
[Site "Warszawa"]
[Date "2012.09.27"]
[Round "2"]
[White "Szefer, Michal"]
[Black "Rozowski, Marcin"]
[Result "1/2-1/2"]
[WhiteElo "1981"]
[BlackElo "1926"]
[Annotator "Admin"]
[PlyCount "85"]
[EventDate "2012.09.20"]
[EventType "tourn"]
[EventRounds "1"]
[EventCountry "POL"]
[SourceDate "2012.09.20"]

1. e4 c5 2. Nf3 Nc6 3. Bb5 g6 4. O-O Bg7 5. c3 Nf6 6. Re1 O-O 7. d4 cxd4 8.
cxd4 d6 9. h3 a6 10. Bf1 b5 11. Nc3 Bb7 12. Be3 Rc8 13. Rc1 Na5 14. e5 Nd5 15.
Nxd5 Bxd5 16. b3 Nc6 17. Bf4 Bxf3 18. gxf3 dxe5 19. dxe5 Qxd1 20. Rcxd1 Rfd8
21. Rxd8+ Nxd8 22. Bg5 Kf8 23. a4 bxa4 24. bxa4 Rc6 25. Rc1 Ke8 26. Rxc6 Nxc6
27. Bxa6 Bxe5 28. Be3 Kd7 29. Kf1 Kc7 30. Ke1 Bc3+ 31. Ke2 Nb4 32. Bc4 f6 33.
Bg8 h5 34. Bf7 g5 35. Bxh5 Nd5 36. Kd3 Be5 37. Bg4 Nxe3 38. fxe3 Bd6 39. Ke4
Bb4 40. f4 Bd2 41. fxg5 fxg5 42. Be2 Kb6 43. Kd3 $11 1/2-1/2

[Event "111th YMCA Autumn A"]
[Site "Warszawa"]
[Date "2012.09.27"]
[Round "2"]
[White "Szwaj, Jacek"]
[Black "Rytarowski, Kamil"]
[Result "1-0"]
[WhiteElo "1925"]
[BlackElo "1993"]
[PlyCount "53"]
[EventDate "2012.09.20"]
[EventType "tourn"]
[EventRounds "1"]
[EventCountry "POL"]
[SourceDate "2012.09.20"]

1. e4 c5 2. Nf3 d6 3. d4 cxd4 4. Nxd4 Nf6 5. Nc3 a6 6. Bg5 e6 7. f4 Be7 8. Qf3
Qc7 9. O-O-O Nbd7 10. g4 h6 11. Bxf6 Nxf6 12. h4 Bd7 13. Bg2 Bc6 14. Nxc6 bxc6
15. g5 Nd7 16. Bh3 Nf8 17. Rhg1 O-O-O 18. Qd3 Kb7 19. Bf1 Ra8 20. Na4 hxg5 21.
Qb3+ Ka7 22. hxg5 d5 23. Qe3+ Kb7 24. Rd3 Nd7 25. exd5 c5 26. dxe6 fxe6 27.
Bg2+ 1-0

[Event "111th YMCA Autumn A"]
[Site "Warszawa"]
[Date "2012.09.27"]
[Round "2"]
[White "Safanowski, Tomasz"]
[Black "Sujkowski, Pawel"]
[Result "0-1"]
[WhiteElo "1912"]
[BlackElo "1992"]
[PlyCount "58"]
[EventDate "2012.09.20"]
[EventType "tourn"]
[EventRounds "1"]
[EventCountry "POL"]
[SourceDate "2012.09.20"]

1. d4 c5 2. e3 Nf6 3. Nf3 cxd4 4. exd4 d5 5. b3 Nc6 6. Ba3 g6 7. h3 Bg7 8. Bd3
O-O 9. O-O Ne4 10. c3 Re8 11. Bb5 Nd6 12. Bxc6 bxc6 13. Ne5 Qc7 14. Nd2 f6 15.
Nd3 e5 16. Re1 e4 17. Nc5 f5 18. Qe2 f4 19. Rad1 Nf7 20. Nf3 Qd8 21. Bc1 Bf5
22. Nh2 Qh4 23. Nf3 exf3 24. Qxe8+ Rxe8 25. Rxe8+ Bf8 26. Ba3 Qg5 27. g4 fxg3
28. Nd3 gxf2+ 29. Kxf2 Qg2+ 0-1

[Event "111th YMCA Autumn A"]
[Site "Warszawa"]
[Date "2012.10.17"]
[Round "3"]
[White "Sujkowski, Pawel"]
[Black "Grabowicz, Marcin"]
[Result "0-1"]
[WhiteElo "1992"]
[BlackElo "1895"]
[PlyCount "74"]
[EventDate "2012.09.20"]
[EventType "tourn"]
[EventRounds "1"]
[EventCountry "POL"]
[SourceDate "2012.09.20"]

1. e4 d6 2. d4 g6 3. c4 Nf6 4. Nc3 Bg7 5. Nf3 O-O 6. Be2 Nc6 7. O-O e5 8. d5
Ne7 9. Ne1 Ne8 10. Nd3 f5 11. Bd2 f4 12. Bg4 Nf6 13. Bxc8 Rxc8 14. f3 g5 15. b4
h5 16. Nf2 Qd7 17. h3 Kh8 18. Qa4 c6 19. dxc6 bxc6 20. Qd1 Rfd8 21. Qe2 d5 22.
exd5 cxd5 23. cxd5 Nfxd5 24. Nxd5 Qxd5 25. Ne4 Rc2 26. Rfd1 Nf5 27. Qe1 g4 28.
Bc3 Nd4 29. Bxd4 exd4 30. hxg4 d3 31. Rab1 Qxa2 32. Qh4 Rxg2+ 33. Kh1 Rd5 34.
Nf6 Rg3 35. Rg1 Qf2 36. Rxg3 fxg3 37. Rg1 g2+ 0-1

[Event "111th YMCA Autumn A"]
[Site "Warszawa"]
[Date "2012.10.04"]
[Round "3"]
[White "Rytarowski, Kamil"]
[Black "Safanowski, Tomasz"]
[Result "0-1"]
[WhiteElo "1993"]
[BlackElo "1912"]
[PlyCount "38"]
[EventDate "2012.09.20"]
[EventType "tourn"]
[EventRounds "1"]
[EventCountry "POL"]
[SourceDate "2012.09.20"]

1. e4 e6 2. d4 d5 3. c4 Nc6 4. Be3 Nf6 5. Nc3 Bb4 6. f3 dxe4 7. a3 Bxc3+ 8.
bxc3 e5 9. d5 Nb8 10. Qc2 Bf5 11. g4 Bg6 12. g5 exf3 13. Qa4+ Qd7 14. Qb4 Ng4
15. Qxb7 Qf5 16. Ra2 Nxe3 17. Bh3 Qb1+ 18. Qxb1 Bxb1 19. Rb2 Be4 0-1

[Event "111th YMCA Autumn A"]
[Site "Warszawa"]
[Date "2012.10.02"]
[Round "3"]
[White "Rozowski, Marcin"]
[Black "Szwaj, Jacek"]
[Result "1-0"]
[WhiteElo "1926"]
[BlackElo "1925"]
[PlyCount "67"]
[EventDate "2012.09.20"]
[EventType "tourn"]
[EventRounds "1"]
[EventCountry "POL"]
[SourceDate "2012.09.20"]

1. e4 c5 2. Nf3 d6 3. d4 cxd4 4. Nxd4 Nf6 5. Nc3 a6 6. Bc4 e6 7. O-O Qc7 8. Bb3
Be7 9. f4 Nc6 10. Be3 O-O 11. f5 Nxd4 12. Bxd4 Bd7 13. Qe2 e5 14. Bf2 b5 15.
Bh4 b4 16. Bxf6 bxc3 17. Bxe7 Bb5 18. Qg4 Qxe7 19. f6 Qa7+ 20. Kh1 g6 21. Qh4
Kh8 22. Qh6 Rg8 23. Rf3 Be2 24. Rxc3 Rad8 25. Rh3 Bh5 26. g4 Qd4 27. Bd5 Qxb2
28. Rg1 Qxc2 29. Rhg3 Rb8 30. gxh5 Qf2 31. hxg6 Rxg6 32. Rxg6 Qf3+ 33. R6g2 Rg8
34. Qd2 1-0

[Event "111th YMCA Autumn A"]
[Site "Warszawa"]
[Date "2012.10.04"]
[Round "3"]
[White "Sielicki, Tomasz"]
[Black "Szefer, Michal"]
[Result "1-0"]
[WhiteElo "2011"]
[BlackElo "1981"]
[Annotator "Admin"]
[PlyCount "169"]
[EventDate "2012.09.20"]
[EventType "tourn"]
[EventRounds "1"]
[EventCountry "POL"]
[SourceDate "2012.09.20"]

1. d4 b6 2. e4 e6 3. Nf3 Bb7 4. Bd3 Nf6 5. Nc3 Bb4 6. Qe2 d5 7. exd5 Nxd5 8.
Bd2 Nd7 9. Nxd5 Bxd2+ 10. Nxd2 Bxd5 11. O-O-O Qe7 12. Kb1 O-O-O 13. c4 Bxg2 14.
Rhg1 Bb7 15. Nb3 g6 16. c5 Qf6 17. Ba6 Nb8 18. Bxb7+ Kxb7 19. Rg3 Qf5+ 20. Ka1
Qd5 21. f4 Rhe8 22. Rc1 c6 23. cxb6 axb6 24. Rg5 f5 25. h4 Nd7 26. h5 Ra8 27.
Qc2 Rg8 28. hxg6 Rxg6 29. Rh5 Nf6 30. Rh3 Rg2 31. Qc3 h5 32. Qb4 Rg7 33. Nc5+
Kc7 34. Rb3 b5 35. Nd3 Ra4 36. Qf8 Qxb3 37. Qxg7+ Nd7 38. Qxd7+ Kxd7 39. Nc5+
Kd6 40. Nxb3 Rc4 41. Rh1 Rc2 42. Kb1 Rf2 43. Rxh5 Kd5 44. Rh4 Kc4 45. Kc1 Kd3
46. Nc5+ Kxd4 47. Nxe6+ Kd5 48. Ng7 Ke4 49. Nh5 c5 50. Nf6+ Kd4 51. Nh5 c4 52.
Rh1 Kd3 53. Ng3 Rxf4 54. Rf1 Rxf1+ 55. Nxf1 b4 56. Nd2 c3 57. bxc3 Kxc3 58.
Nb1+ Kc4 59. Kc2 f4 60. Nd2+ Kb5 61. Kb3 Ka5 62. Nc4+ Kb5 63. Ne5 Ka5 64. Nc6+
Kb5 65. Nxb4 f3 66. Nd3 Ka5 67. a4 Kb6 68. Kb4 Ka6 69. Nc5+ Kb6 70. a5+ Ka7 71.
Ne4 Ka6 72. Ka4 Kb7 73. Kb5 Ka7 74. a6 Kb8 75. Kb6 Ka8 76. Kc6 Ka7 77. Kb5 Kb8
78. Ka5 Ka7 $11 79. Nf2 Kb8 80. Kb6 Ka8 81. Ne4 Kb8 82. a7+ Ka8 83. Nd6 f2 84.
Nb5 f1=N 85. Nc7# 1-0

[Event "111th YMCA Autumn A"]
[Site "Warszawa"]
[Date "2012.09.28"]
[Round "3"]
[White "Bernacki, Gabriel"]
[Black "Chomczyk, Marek"]
[Result "1-0"]
[WhiteElo "1920"]
[BlackElo "1876"]
[PlyCount "87"]
[EventDate "2012.09.20"]
[EventType "tourn"]
[EventRounds "1"]
[EventCountry "POL"]
[SourceDate "2012.09.20"]

1. d4 Nf6 2. c4 e6 3. Nc3 Bb4 4. e3 d5 5. Nf3 O-O 6. Bd3 c5 7. O-O Nc6 8. a3
Bxc3 9. bxc3 dxc4 10. Bxc4 Qc7 11. Ba2 e5 12. d5 Rd8 13. e4 Ne7 14. Nd2 Ng6 15.
Qc2 Nh5 16. a4 Qd7 17. f3 Nhf4 18. Nc4 Qe7 19. Kh1 Rf8 20. Rb1 Kh8 21. Rd1 f5
22. d6 Qe8 23. Bxf4 Nxf4 24. Nxe5 Qxe5 25. d7 Bxd7 26. Rxd7 fxe4 27. fxe4 b6
28. a5 Nh5 29. Rd5 Qf4 30. Rf5 Rxf5 31. exf5 Rf8 32. Qe2 Qxf5 33. g4 Nf4 34.
Qe7 Qf6 35. Qxf6 Rxf6 36. g5 Rd6 37. Re1 Rd8 38. Bc4 bxa5 39. Kg1 Nh3+ 40. Kg2
Nxg5 41. h4 g6 42. hxg5 Rd2+ 43. Kf3 Rc2 44. Re8+ 1-0

[Event "111th YMCA Autumn A"]
[Site "Warszawa"]
[Date "2012.10.04"]
[Round "3"]
[White "Pastuszko, Kinga"]
[Black "Rusin, Ryszard"]
[Result "1-0"]
[WhiteElo "1895"]
[BlackElo "1914"]
[PlyCount "73"]
[EventDate "2012.09.20"]
[EventType "tourn"]
[EventRounds "1"]
[EventCountry "POL"]
[SourceDate "2012.09.20"]

1. e4 e5 2. Nf3 Nf6 3. Nc3 d6 4. d4 exd4 5. Nxd4 Nc6 6. Bb5 Bd7 7. O-O a6 8.
Bxc6 bxc6 9. Qf3 c5 10. e5 dxe5 11. Nf5 Qc8 12. Ng3 Bd6 13. Bg5 Be7 14. Bxf6
gxf6 15. Nd5 f5 16. Nxe7 Kxe7 17. Qd5 f6 18. Qxc5+ Kf7 19. Rad1 Rb8 20. b3 Rb5
21. Qc4+ Be6 22. Qh4 Qg8 23. Qa4 Qc8 24. f4 e4 25. Qd4 Rg8 26. c4 Rb4 27. Qc3
Qb8 28. Ne2 Qf8 29. Nd4 Bd7 30. Nc2 Bc6 31. Nxb4 Qc5+ 32. Kh1 e3 33. Nxc6 e2
34. Qf3 Re8 35. Rd7+ Kf8 36. Re1 Re4 37. Qh5 1-0

[Event "111th YMCA Autumn A"]
[Site "Warszawa"]
[Date "2012.10.04"]
[Round "3"]
[White "Rozycki, Bartlomiej"]
[Black "Harazinska, Ewa"]
[Result "0-1"]
[WhiteElo "1943"]
[BlackElo "2009"]
[PlyCount "50"]
[EventDate "2012.09.20"]
[EventType "tourn"]
[EventRounds "1"]
[EventCountry "POL"]
[SourceDate "2012.09.20"]

1. e4 c5 2. Nf3 d6 3. d4 cxd4 4. Nxd4 Nf6 5. Nc3 a6 6. f4 e6 7. Bd3 Nc6 8. Nxc6
bxc6 9. O-O Be7 10. Qe1 O-O 11. e5 Nd5 12. Ne4 dxe5 13. fxe5 Nb4 14. Nf6+ gxf6
15. Bxh7+ Kh8 16. Qh4 f5 17. Qh6 Qd4+ 18. Kh1 Qh4 19. Qe3 Nxc2 20. Qc3 Nxa1 21.
Rf4 Qh5 22. Rf3 Rd8 23. Bd2 Bg5 24. Be1 Rd1 25. Bxf5 Bd2 0-1

[Event "111th YMCA Autumn A"]
[Site "Warszawa"]
[Date "2012.10.11"]
[Round "4"]
[White "Grabowicz, Marcin"]
[Black "Harazinska, Ewa"]
[Result "0-1"]
[WhiteElo "1895"]
[BlackElo "2009"]
[PlyCount "52"]
[EventDate "2012.09.20"]
[EventType "tourn"]
[EventRounds "1"]
[EventCountry "POL"]
[SourceDate "2012.09.20"]

1. e4 c5 2. Nf3 d6 3. d4 cxd4 4. c3 dxc3 5. Nxc3 Nc6 6. Bc4 a6 7. O-O Nf6 8. h3
e6 9. Qe2 Be7 10. Rd1 Qc7 11. Bf4 O-O 12. Rac1 Nd7 13. a3 Nde5 14. Ba2 Qb8 15.
b4 Nxf3+ 16. Qxf3 e5 17. Be3 Be6 18. Nd5 Bd8 19. Qe2 Bxd5 20. Bxd5 Ne7 21. Bb3
b5 22. Qd2 Qb7 23. Qxd6 Qxe4 24. Bg5 Nf5 25. Qd2 Nd4 26. Re1 Qg6 0-1

[Event "111th YMCA Autumn A"]
[Site "Warszawa"]
[Date "2012.10.11"]
[Round "4"]
[White "Rusin, Ryszard"]
[Black "Rozycki, Bartlomiej"]
[Result "0-1"]
[WhiteElo "1914"]
[BlackElo "1943"]
[PlyCount "92"]
[EventDate "2012.09.20"]
[EventType "tourn"]
[EventRounds "1"]
[EventCountry "POL"]
[SourceDate "2012.09.20"]

1. d4 d5 2. c4 e6 3. Nc3 c6 4. e4 dxe4 5. Nxe4 Bb4+ 6. Bd2 Qxd4 7. Bxb4 Qxe4+
8. Be2 Ne7 9. Nf3 Nd5 10. Bd2 Nf4 11. Bxf4 Qxf4 12. O-O c5 13. g3 Qf6 14. Rb1
Nc6 15. Qb3 O-O 16. Rfd1 b6 17. Qa4 Bb7 18. a3 Ne5 19. Nd2 Rfd8 20. Qb3 Qf5 21.
Qe3 Rd4 22. Rbc1 Rad8 23. Nb3 Qh3 24. f3 Nxf3+ 25. Qxf3 Bxf3 26. Bxf3 Rxd1+ 27.
Bxd1 Rd3 28. Bc2 Re3 29. Kf2 Re5 30. Rh1 Rf5+ 31. Bxf5 Qxf5+ 32. Ke3 Qe5+ 33.
Kd3 Qxb2 34. Nd2 Qxa3+ 35. Ke2 Qc3 36. Rf1 Qe5+ 37. Kd1 a6 38. Rf3 b5 39. Rd3
g6 40. cxb5 axb5 41. Nf3 Qe4 42. Kd2 c4 43. Rd8+ Kg7 44. Nd4 Qd3+ 45. Ke1 Qe3+
46. Kf1 c3 0-1

[Event "111th YMCA Autumn A"]
[Site "Warszawa"]
[Date "2012.10.11"]
[Round "4"]
[White "Chomczyk, Marek"]
[Black "Pastuszko, Kinga"]
[Result "1/2-1/2"]
[WhiteElo "1876"]
[BlackElo "1895"]
[PlyCount "69"]
[EventDate "2012.09.20"]
[EventType "tourn"]
[EventRounds "1"]
[EventCountry "POL"]
[SourceDate "2012.09.20"]

1. e4 c5 2. Nf3 d6 3. d4 cxd4 4. Nxd4 Nf6 5. Nc3 a6 6. Bd3 g6 7. h3 Bg7 8. Be3
O-O 9. O-O e6 10. Qd2 b5 11. a4 b4 12. Nce2 a5 13. c3 bxc3 14. Nxc3 Bb7 15.
Rfc1 Nc6 16. Nxc6 Bxc6 17. Bh6 Qb6 18. Bxg7 Kxg7 19. Qe2 Qb7 20. Bb5 Bxb5 21.
Nxb5 Qxe4 22. Qxe4 Nxe4 23. f3 Nc5 24. Ra3 Rfd8 25. Nxd6 Rxd6 26. Rxc5 Rb8 27.
Rb5 Rc8 28. Rxa5 Rc2 29. b4 Rdd2 30. Rg5 h6 31. Rb5 Rxg2+ 32. Kh1 Rh2+ 33. Kg1
Rcg2+ 34. Kf1 Rf2+ 35. Kg1 1/2-1/2